Técnica periodística /
محفوظ في:
| المؤلف الرئيسي: | |
|---|---|
| التنسيق: | كتاب |
| اللغة: | Spanish |
| منشور في: |
La Habana, Cuba.
Unión de Periodistas de Cuba
1971
|
| الموضوعات: | |
| الوسوم: |
إضافة وسم
لا توجد وسوم, كن أول من يضع وسما على هذه التسجيلة!
|
MARC
| LEADER | 00000nam a22000007a 4500 | ||
|---|---|---|---|
| 003 | cru CIDCACS/IIS | ||
| 005 | 20200925161301.0 | ||
| 008 | 170324b1971 cu oa||| ||||||0| ||spa d | ||
| 040 | |c CRAI/IIS |a CRAI/IIS | ||
| 090 | |a 08.16.04 B467t | ||
| 100 | 1 | |9 3712 |a Benítez, José A. | |
| 245 | 1 | 0 | |a Técnica periodística / |c José A. Benítez |
| 260 | |a La Habana, Cuba. |b Unión de Periodistas de Cuba |c 1971 | ||
| 300 | |a 380 páginas | ||
| 500 | |a Colección Alforja | ||
| 650 | 1 | 0 | |9 3241 |a PERIODISMO |
| 650 | 1 | 0 | |9 3713 |a NOTICIAS |
| 650 | 1 | 0 | |9 960 |a ENTREVISTAS |
| 650 | 1 | 0 | |9 1718 |a TECNOLOGIA AUDIOVISUAL |
| 650 | 1 | 0 | |9 2959 |a RADIO |
| 942 | |2 ddc |c LI | ||
| 999 | |c 19046 |d 19046 | ||
